Countries that eat the most calories - Statistics

General Stats
  • This quiz has been taken 36 times
  • The average score is 9 of 15
Answer Stats
calories Answer % Correct
3911 United States
97%
3604 France
79%
3589 Canada
76%
3733 Italy
76%
3825 Turkey
69%
3584 Denmark
66%
3634 Germany
66%
3892 Belgium
62%
3861 Ireland
62%
3819 Austria
59%
3612 Iceland
55%
3701 Israel
52%
3655 Romania
52%
3579 Serbia
34%
3556 Montenegro
10%
No matching quizzes found
Score Distribution
Percent of People with Each Score
Percentile by Number Answered
Your Score History
You have not taken this quiz